000 00680nam a2200181 4500
001 128083
003 ES-MaACL
005 20250717081029.0
007 t|
008 070214s1917 sp r ||||1| spa d
100 1 _aRoa Erostarbe, Casimiro.
_997768
245 1 0 _aConcepto filosófico-médico de la enfermedad y sus indicaciones terapeúticas
_b: tesis del doctorado en Medicina /
_cescrita por... Casimiro Roa y Erostarbe.
260 _aMadrid :
_b[s. n.],
_c1917.
500 _aTesis de doctorado leída en la Universidad Central en 1916.
710 2 _aUniversidad Central (Madrid).
_bFacultad de Medicina
_97093
852 _aES-MaACL
_j1514-F-15
999 _c128083
_d128083